Socioekonomický a kultúrny status žiaka a jeho školská úspešnosť

Štatistický opis vzťahu rodinného zázemia žiaka a jeho vzdelávací úspech. Premenná ‘rodinné zázemie’ je skúmaná z pohľadu potenciálnej premennej pridanej hodnoty vo vzdelávaní školou.

Enregistré dans:
Détails bibliographiques
Auteur principal: Juščáková, Zuzana
Format: Chapitre de livre
Langue:slovaque
Sujets:
Tags: Ajouter un tag
Pas de tags, Soyez le premier à ajouter un tag!

MARC

LEADER 00000naa a2200000 4500
001 0200423
005 20220715093928.2
041 0 |a slo 
044 |a SK 
245 1 0 |a Socioekonomický a kultúrny status žiaka a jeho školská úspešnosť  |c Zuzana Juščáková 
520 |a Štatistický opis vzťahu rodinného zázemia žiaka a jeho vzdelávací úspech. Premenná ‘rodinné zázemie’ je skúmaná z pohľadu potenciálnej premennej pridanej hodnoty vo vzdelávaní školou. 
610 2 0 |a analýza štatistická 
610 2 0 |a žiaci 
610 2 0 |a testovanie hypotéz 
610 2 0 |a rodina 
100 1 |a Juščáková, Zuzana